Normal view
MARC view
- Malik,Sadaf & Satti, hajra amjad
Entry Personal Name
001 - CONTROL NUMBER
- control field: 4857
003 - CONTROL NUMBER IDENTIFIER
- control field: NUST
005 - DATE AND TIME OF LATEST TRANSACTION
- control field: 20170922123932.0
008 - FIXED-LENGTH DATA ELEMENTS
- fixed length control field: 170922|| aca||aabn | a|a d
040 ## - CATALOGING SOURCE
- Original cataloging agency: NUST
- Transcribing agency: NUST
100 ## - HEADING--PERSONAL NAME
- Personal name: Malik,Sadaf & Satti, hajra amjad
670 ## - SOURCE DATA FOUND
- Source citation: Work cat.: (NUST): Malik,Sadaf & Satti, hajra amjad, Social marketing of islamabad cycling association(ICA), 2017
